书目信息 |
| 题名: |
标准化视角下的我国基层图书馆事业发展研究
|
|
| 作者: | 申晓娟 主编 | |
| 分册: | ||
| 出版信息: | 北京 国家图书馆出版社 2015 |
|
| 页数: | 256页 | |
| 开本: | 26cm | |
| 丛书名: | ||
| 单 册: | ||
| 中图分类: | G259.252.3-65 | |
| 科图分类: | ||
| 主题词: | 基层图书馆--图书馆发展--规范化--研究--中国 | |
| 电子资源: | ||
| ISBN: | 978-7-5013-5512-9 | |
| 000 | 00939nam0 2200229 450 | |
| 001 | 2926 | |
| 005 | 20161207085635.25 | |
| 010 | @a978-7-5013-5512-9@dCNY80.00 | |
| 100 | @a20151102d2015 em y0chiy50 ea | |
| 101 | 0 | @achi |
| 102 | @aCN@b110000 | |
| 105 | @ay z 000yy | |
| 200 | 1 | @a标准化视角下的我国基层图书馆事业发展研究@9biao zhun hua shi jiao xia de wo guo ji ceng tu shu guan shi ye fa zhan yan jiu@f申晓娟主编 |
| 210 | @a北京@c国家图书馆出版社@d2015 | |
| 215 | @a256页@d26cm | |
| 300 | @a国家质检总局公益性科研专项课题“乡镇社区图书馆管理标准研究”成果之一 | |
| 330 | @a本书介绍了我国基层图书馆发展的政策环境变迁、我国基层图书馆事业发展现状、国外与我国港台地区基层图书馆相关标准研究等内容。 | |
| 606 | 0 | @a基层图书馆@x图书馆发展@x规范化@x研究@y中国 |
| 690 | @aG259.252.3-65@v5 | |
| 701 | 0 | @a申晓娟@9shen xiao juan@f(1970~)@4主编 |
| 801 | 0 | @aCN@b大连网信软件有限公司图书馆·11@c20161207 |
| 905 | @aZUCC@dG259.252.3-65@e32 | |
| 标准化视角下的我国基层图书馆事业发展研究/申晓娟主编.-北京:国家图书馆出版社,2015 |
| 256页;26cm |
| 国家质检总局公益性科研专项课题“乡镇社区图书馆管理标准研究”成果之一 |
| ISBN 978-7-5013-5512-9:CNY80.00 |
| 本书介绍了我国基层图书馆发展的政策环境变迁、我国基层图书馆事业发展现状、国外与我国港台地区基层图书馆相关标准研究等内容。 |
| ● |
| 相关链接 |
|
|
|
|
正题名:标准化视角下的我国基层图书馆事业发展研究
索取号:G259.252.3-65/32
 
预约/预借
| 序号 | 登录号 | 条形码 | 馆藏地/架位号 | 状态 | 备注 |
| 1 | 912642 | 209126426 | 第一样本阅览室/ [索取号:G259.252.3-65/32] | 在馆 | |
| 2 | 912643 | 209126435 | 第四借阅区/ [索取号:G259.252.3-65/32] | 在馆 | |
| 3 | 912644 | 209126444 | 第四借阅区/ [索取号:G259.252.3-65/32] | 在馆 | |
| 4 | 912645 | 209126453 | 第四借阅区/ [索取号:G259.252.3-65/32] | 在馆 |